<?xml version="1.0" encoding="UTF-8"?>
<record
    xmlns:xsi="http://www.w3.org/2001/XMLSchema-instance"
    xsi:schemaLocation="http://www.loc.gov/MARC21/slim http://www.loc.gov/standards/marcxml/schema/MARC21slim.xsd"
    xmlns="http://www.loc.gov/MARC21/slim">

  <leader>01891nam a22002777a 4500</leader>
  <controlfield tag="003">NALT</controlfield>
  <controlfield tag="005">20240607153155.0</controlfield>
  <controlfield tag="008">221111b        th ||||| |||| 00| 0 tha d</controlfield>
  <datafield tag="020" ind1=" " ind2=" ">
    <subfield code="a">9789744499509</subfield>
  </datafield>
  <datafield tag="040" ind1=" " ind2=" ">
    <subfield code="a">NALT</subfield>
  </datafield>
  <datafield tag="041" ind1=" " ind2=" ">
    <subfield code="a">tha</subfield>
  </datafield>
  <datafield tag="050" ind1=" " ind2=" ">
    <subfield code="a">HT 147.T5</subfield>
    <subfield code="b">&#xE2D;324&#xE2D; 2559</subfield>
  </datafield>
  <datafield tag="100" ind1="0" ind2=" ">
    <subfield code="a">&#xE2D;&#xE23;&#xE17;&#xE31;&#xE22; &#xE01;&#xE4A;&#xE01;&#xE1C;&#xE25;.</subfield>
    <subfield code="9">5885</subfield>
  </datafield>
  <datafield tag="245" ind1="1" ind2="0">
    <subfield code="a">Urbanization &#xE40;&#xE21;&#xE37;&#xE48;&#xE2D; "&#xE40;&#xE21;&#xE37;&#xE2D;&#xE07;" &#xE01;&#xE25;&#xE32;&#xE22;&#xE40;&#xE1B;&#xE47;&#xE19;&#xE42;&#xE08;&#xE17;&#xE22;&#xE4C;&#xE02;&#xE2D;&#xE07;&#xE01;&#xE32;&#xE23;&#xE1A;&#xE23;&#xE34;&#xE2B;&#xE32;&#xE23;&#xE08;&#xE31;&#xE14;&#xE01;&#xE32;&#xE23;&#xE17;&#xE49;&#xE2D;&#xE07;&#xE16;&#xE34;&#xE48;&#xE19;&#xE2A;&#xE21;&#xE31;&#xE22;&#xE43;&#xE2B;&#xE21;&#xE48; / </subfield>
    <subfield code="c">&#xE2D;&#xE23;&#xE17;&#xE31;&#xE22; &#xE01;&#xE4A;&#xE01;&#xE1C;&#xE25;.</subfield>
  </datafield>
  <datafield tag="250" ind1=" " ind2=" ">
    <subfield code="a">&#xE1E;&#xE34;&#xE21;&#xE1E;&#xE4C;&#xE04;&#xE23;&#xE31;&#xE49;&#xE07;&#xE17;&#xE35;&#xE48; 1.</subfield>
  </datafield>
  <datafield tag="260" ind1=" " ind2=" ">
    <subfield code="a">&#xE01;&#xE23;&#xE38;&#xE07;&#xE40;&#xE17;&#xE1E;&#xE2F; :</subfield>
    <subfield code="b">&#xE27;&#xE34;&#xE17;&#xE22;&#xE32;&#xE25;&#xE31;&#xE22;&#xE1E;&#xE31;&#xE12;&#xE19;&#xE32;&#xE01;&#xE32;&#xE23;&#xE1B;&#xE01;&#xE04;&#xE23;&#xE2D;&#xE07;&#xE17;&#xE49;&#xE2D;&#xE07;&#xE16;&#xE34;&#xE48;&#xE19; &#xE2A;&#xE16;&#xE32;&#xE1A;&#xE31;&#xE19;&#xE1E;&#xE23;&#xE30;&#xE1B;&#xE01;&#xE40;&#xE01;&#xE25;&#xE49;&#xE32;,</subfield>
    <subfield code="c">2559.</subfield>
  </datafield>
  <datafield tag="300" ind1=" " ind2=" ">
    <subfield code="a">208 &#xE2B;&#xE19;&#xE49;&#xE32; :</subfield>
    <subfield code="b">&#xE20;&#xE32;&#xE1E;&#xE1B;&#xE23;&#xE30;&#xE01;&#xE2D;&#xE1A; ;</subfield>
    <subfield code="c">21 &#xE0B;&#xE21;.</subfield>
  </datafield>
  <datafield tag="504" ind1=" " ind2=" ">
    <subfield code="a">&#xE1A;&#xE23;&#xE23;&#xE13;&#xE32;&#xE19;&#xE38;&#xE01;&#xE23;&#xE21;: &#xE2B;&#xE19;&#xE49;&#xE32; 195-204.</subfield>
  </datafield>
  <datafield tag="505" ind1="2" ind2=" ">
    <subfield code="a">&#xE1A;&#xE17;&#xE17;&#xE35;&#xE48; 1 &#xE40;&#xE21;&#xE37;&#xE48;&#xE2D; "&#xE40;&#xE21;&#xE37;&#xE2D;&#xE07;" &#xE01;&#xE25;&#xE32;&#xE22;&#xE40;&#xE1B;&#xE47;&#xE19;&#xE42;&#xE08;&#xE17;&#xE22;&#xE4C;&#xE02;&#xE2D;&#xE07;&#xE01;&#xE32;&#xE23;&#xE1A;&#xE23;&#xE34;&#xE2B;&#xE32;&#xE23;&#xE08;&#xE31;&#xE14;&#xE01;&#xE32;&#xE23;&#xE17;&#xE49;&#xE2D;&#xE07;&#xE16;&#xE34;&#xE48;&#xE19;&#xE2A;&#xE21;&#xE31;&#xE22;&#xE43;&#xE2B;&#xE21;&#xE48; -- &#xE1A;&#xE17;&#xE17;&#xE35;&#xE48; 2 &#xE23;&#xE39;&#xE49;&#xE08;&#xE31;&#xE01;&#xE40;&#xE21;&#xE37;&#xE2D;&#xE07; &#xE41;&#xE25;&#xE30;&#xE23;&#xE39;&#xE49;&#xE17;&#xE31;&#xE19;&#xE01;&#xE32;&#xE23;&#xE1E;&#xE31;&#xE12;&#xE19;&#xE32; -- &#xE1A;&#xE17;&#xE17;&#xE35;&#xE48; 3 &#xE2B;&#xE25;&#xE32;&#xE01;&#xE2B;&#xE25;&#xE32;&#xE22;&#xE41;&#xE19;&#xE27;&#xE04;&#xE34;&#xE14;&#xE1E;&#xE31;&#xE12;&#xE19;&#xE32;&#xE40;&#xE21;&#xE37;&#xE2D;&#xE07; -- &#xE1A;&#xE17;&#xE17;&#xE35;&#xE48; 4 &#xE1E;&#xE31;&#xE12;&#xE19;&#xE32;&#xE40;&#xE21;&#xE37;&#xE2D;&#xE07;&#xE1A;&#xE19;&#xE10;&#xE32;&#xE19;&#xE28;&#xE31;&#xE01;&#xE22;&#xE20;&#xE32;&#xE1E; &#xE42;&#xE14;&#xE22;&#xE43;&#xE0A;&#xE49;&#xE15;&#xE31;&#xE27;&#xE41;&#xE1A;&#xE1A;&#xE17;&#xE38;&#xE19;&#xE17;&#xE49;&#xE2D;&#xE07;&#xE16;&#xE34;&#xE48;&#xE19; (Local capitals model).</subfield>
  </datafield>
  <datafield tag="650" ind1=" " ind2="4">
    <subfield code="a">&#xE01;&#xE32;&#xE23;&#xE1B;&#xE01;&#xE04;&#xE23;&#xE2D;&#xE07;&#xE17;&#xE49;&#xE2D;&#xE07;&#xE16;&#xE34;&#xE48;&#xE19;</subfield>
    <subfield code="x">&#xE01;&#xE32;&#xE23;&#xE1A;&#xE23;&#xE34;&#xE2B;&#xE32;&#xE23; </subfield>
    <subfield code="9">25741</subfield>
  </datafield>
  <datafield tag="650" ind1=" " ind2="4">
    <subfield code="a">&#xE01;&#xE32;&#xE23;&#xE1E;&#xE31;&#xE12;&#xE19;&#xE32;&#xE40;&#xE21;&#xE37;&#xE2D;&#xE07;</subfield>
    <subfield code="9">22947</subfield>
  </datafield>
  <datafield tag="650" ind1=" " ind2="4">
    <subfield code="a">&#xE01;&#xE32;&#xE23;&#xE40;&#xE01;&#xE34;&#xE14;&#xE40;&#xE1B;&#xE47;&#xE19;&#xE40;&#xE21;&#xE37;&#xE2D;&#xE07;</subfield>
    <subfield code="9">22946</subfield>
  </datafield>
  <datafield tag="850" ind1=" " ind2=" ">
    <subfield code="a">NALT</subfield>
  </datafield>
  <datafield tag="942" ind1=" " ind2=" ">
    <subfield code="c">GB</subfield>
    <subfield code="2">lcc</subfield>
  </datafield>
  <datafield tag="996" ind1=" " ind2=" ">
    <subfield code="a">phornvitoo</subfield>
    <subfield code="b">CATSTF	</subfield>
    <subfield code="c">2023-06-27</subfield>
  </datafield>
  <datafield tag="999" ind1=" " ind2=" ">
    <subfield code="c">100986</subfield>
    <subfield code="d">100986</subfield>
  </datafield>
  <datafield tag="998" ind1=" " ind2=" ">
    <subfield code="j">104</subfield>
    <subfield code="k"> &#xE19;&#xE32;&#xE07;&#xE2A;&#xE32;&#xE27;&#xE2A;&#xE32;&#xE22;&#xE1D;&#xE19;  &#xE14;&#xE35;&#xE07;&#xE32;&#xE21;</subfield>
  </datafield>
  <datafield tag="952" ind1=" " ind2=" ">
    <subfield code="0">0</subfield>
    <subfield code="1">0</subfield>
    <subfield code="2">lcc</subfield>
    <subfield code="4">0</subfield>
    <subfield code="7">0</subfield>
    <subfield code="8">CSEN</subfield>
    <subfield code="a">NALT</subfield>
    <subfield code="b">NALT</subfield>
    <subfield code="c">GEN</subfield>
    <subfield code="d">2022-11-11</subfield>
    <subfield code="o">HT 147.T5 &#xE2D;324&#xE2D; 2559</subfield>
    <subfield code="p">0100010356001</subfield>
    <subfield code="r">2023-06-29 00:00:00</subfield>
    <subfield code="w">2022-11-11</subfield>
    <subfield code="y">GB</subfield>
  </datafield>
</record>
